000 00642nam a22002297a 4500
003 UA-OsUOA
001 65792
007 ta
008 20091209b un ||||| |||| 00| 0 ukr d
090 _a329.13(477-25)
_bК38
942 _cBK
040 _aUA-OsUOA
_brus
_cUA-OsUOA
_dUA-OsUOA
245 _aКиев - европейская столица. Стратегия развития
_cПарцхаладзе Л., Миргородский А.
300 _a96 с.
955 _a2
041 _arus
080 _a329.13(477-25)
020 _a966-7869-39-3
260 _aК.
_c2006
650 7 _a32 Політика
_2UDC
999 _c352073
_d352073